Aplicabilidad del Código de Trabajo en el área laboral hacia la mujer en la ciudad de San Vicente, durante el período comprendido entre Enero 2001 a Junio 2002. (Registro nro. 10285)

Detalles MARC
000 -LEADER
fixed length control field 00860nam a2200217Ia 4500
005 - FECHA Y HORA DE LA ÚLTIMA TRANSACCIÓN
control field 20231219103019.0
008 - FIXED-LENGTH DATA ELEMENTS--GENERAL INFORMATION
fixed length control field 231219s9999 xx 000 0 und d
040 ## - CATALOGING SOURCE
Original cataloging agency UPAN
Transcribing agency Biblioteca San Vicente
Description conventions RCAA2
041 ## - LANGUAGE CODE
Language code of text/sound track or separate title spa
082 ## - DEWEY DECIMAL CLASSIFICATION NUMBER
Classification number 344.01
Item number Lop
año de publicación 2002
100 ## - MAIN ENTRY--PERSONAL NAME
Personal name López Barrera, David Ernesto
Relator code aut.
245 #0 - TITLE STATEMENT
Title Aplicabilidad del Código de Trabajo en el área laboral hacia la mujer en la ciudad de San Vicente, durante el período comprendido entre Enero 2001 a Junio 2002.
260 ## - PUBLICATION, DISTRIBUTION, ETC. (IMPRINT)
Place of publication, distribution, etc San Vicente:
Name of publisher, distributor, etc Universidad Panamericana,
Date of publication, distribution, etc 2002
300 ## - PHYSICAL DESCRIPTION
Extent 190p.;
Dimensions 28 cm.
650 ## - SUBJECT ADDED ENTRY--TOPICAL TERM
Source of heading or term LEMB
Topical term or geographic name as entry element Código de trabajo
General subdivision Mujeres
700 ## - ADDED ENTRY--PERSONAL NAME
Personal name Cornejo Ramirez, Clara Marza
Relator code aut.
700 ## - ADDED ENTRY--PERSONAL NAME
Personal name Ruiz de Salinas, Lilian Mabel
Relator code aut.
700 ## - ADDED ENTRY--PERSONAL NAME
Personal name Chevez Morataya, Hector Antonio
Relator code aut.
700 ## - ADDED ENTRY--PERSONAL NAME
Personal name Rodriguez Mena, Roberto Antonio
Relator code aut.
942 ## - ADDED ENTRY ELEMENTS (KOHA)
Koha item type Libros
Source of classification or shelving scheme Dewey Decimal Classification
Existencias
Withdrawn status Lost status Source of classification or shelving scheme Damaged status Not for loan Collection code Home library Current library Date acquired Total Checkouts Full call number Barcode Date last seen Copy number Price effective from Koha item type
    Dewey Decimal Classification     Tesario Biblioteca UPAN San Vicente Biblioteca UPAN San Vicente 19/12/2023   344.01 Lop 12100097 19/12/2023 01 19/12/2023 Trabajos de Grado